000 00459nam a2200181Ia 4500
001 5928
003 IN-NITTTR
005 20251114233014.0
008 251113s9999||||xx |||||||||||||| ||eng||
040 _beng
040 _cIN-NITTTR
041 _aeng
082 _a370.1 B738P
100 _aBrauner, Charles J.
245 0 _aProblems in education and philosophy. /
_cBrauner, Charles J., Burns, Hobert W.
700 _a Burns, Hobert W.
942 _2ddc
_cBK
999 _c8566
_d8566